[Event "Olympic Chess Competition"]
[Site "SchemingMind.com"]
[Date "2012.08.02"]
[Round "-"]
[White "kubinet"]
[Black "mmccaffe"]
[Result "1-0"]
[WhiteCountry "GER"]
[BlackCountry "USA"]
[WhiteElo "1679"]
[WhiteRD "61"]
[BlackElo "1602"]
[BlackRD "57"]
[GameID "315429"]

1. e4 c5 2. Nf3 d6 3. Bb5+ Bd7 4. Bxd7+ Nxd7 5. O-O g6 6. c3 Bg7 7. d4 e6 8. Be3 Ne7 9. Na3 O-O 10. Qd2 cxd4
11. cxd4 a6 12. Nc4 Rc8 13. Rac1 d5 14. exd5 Nxd5 15. Bg5 Bf6 16. Nd6 Rxc1 17. Rxc1 Bxg5 18. Nxg5 Qb6 19. Nc4 Qa7 20. Ne5 f6
21. Nxd7 fxg5 22. Nxf8
1-0

[Event "Olympic Chess Competition"]
[Site "SchemingMind.com"]
[Date "2012.08.02"]
[Round "-"]
[White "kubinet"]
[Black "Holty"]
[Result "0-1"]
[WhiteCountry "GER"]
[BlackCountry "ENG"]
[WhiteElo "1690"]
[WhiteRD "58"]
[BlackElo "1732"]
[BlackRD "58"]
[GameID "315430"]

1. e4 c5 2. Nf3 d6 3. Bb5+ Bd7 4. Bxd7+ Qxd7 5. c4 Nf6 6. Nc3 Qc6 7. Qe2 Nbd7 8. d4 cxd4 9. Nxd4 Qc8 10. O-O g6
11. Be3 Bg7 12. Rac1 a6 13. b3 O-O 14. f4 Re8 15. Qd2 Ng4 16. Nd5 Nxe3 17. Qxe3 Qc5 18. Rcd1 e6 19. Nc3 Bh6 20. Qf2 f5
21. Qh4 Bg7 22. Kh1 Bxd4 23. Na4 Bf6 24. Nxc5 Bxh4 25. Nxb7 Be7 26. Nxd6 Bxd6 27. Rxd6 Nc5 28. e5 Ne4 29. Rd7 Nc3 30. a3 a5
31. Rc1 Ne4 32. g3 Nc5 33. Rb1 Nxd7 34. b4 axb4 35. axb4 Reb8 36. Rb2 Ra4
0-1

[Event "Olympic Chess Competition"]
[Site "SchemingMind.com"]
[Date "2012.08.02"]
[Round "-"]
[White "kubinet"]
[Black "James Reed"]
[Result "0-1"]
[WhiteCountry "GER"]
[BlackCountry "ENG"]
[WhiteElo "1679"]
[WhiteRD "61"]
[BlackElo "1598"]
[BlackRD "57"]
[GameID "315431"]

1. e4 c5 2. Nf3 d6 3. Bb5+ Nd7 4. d4 Nf6 5. O-O a6 6. Bxd7+ Nxd7 7. Nc3 e6 8. Be3 b6 9. Qd2 h6 10. Rad1 Bb7
11. Rfe1 Be7 12. Bf4 Nf6 13. Qd3 O-O 14. Nd2 d5 15. exd5 exd5 16. b3 Re8 17. dxc5 bxc5 18. Na4 Bc6 19. Nc3 d4 20. Nce4 Bb5
21. Qf3 d3 22. cxd3 Bxd3 23. Nxf6+ Bxf6 24. Rxe8+ Qxe8 25. Qxd3 a5 26. Qb5 Qxb5
0-1

[Event "Olympic Chess Competition"]
[Site "SchemingMind.com"]
[Date "2012.08.03"]
[Round "-"]
[White "Mitch The Man"]
[Black "kubinet"]
[Result "1-0"]
[WhiteCountry "USA"]
[BlackCountry "GER"]
[WhiteElo "1398"]
[WhiteRD "66"]
[BlackElo "1690"]
[BlackRD "58"]
[GameID "315432"]

1. e4 e5 2. Nf3 Nc6 3. Bc4 Bc5 4. O-O Nf6 5. d3 h6 6. h3 O-O 7. a3 a6 8. b4 Ba7 9. c3 d6 10. Bb3 Bd7
11. Qe2 Kh8 12. Qa2 Qe7 13. Bd2 Be6 14. Bxe6 fxe6 15. Re1 Rae8 16. Be3 Bxe3 17. Rxe3 Nh5 18. Nbd2 Nf4 19. Nf1 Qf7 20. Ng3 Qg6
21. Nh4 Qg5 22. Nf3 Qg6 23. Nh4 Qg5 24. Nf3 Qg6 25. Nh4 Qg5 26. Nf3 Qf6 27. Qd2 d5 28. a4 b6 29. exd5 exd5 30. a5 b5
31. Rae1 Ng6 32. Nh5 Qf5 33. Ng3 Qf6 34. Nh5 Qf5 35. Ng3 Qf6 36. Nh5 Qf5 37. Ng3 Qd7 38. Nh5 Nf4 39. Nxf4 exf4 40. Rxe8 Rxe8
41. Rxe8+ Qxe8 42. Qxf4 Qe7 43. Nh4 Qe6 44. Qf8+ Kh7 45. Nf5 Qe1+ 46. Kh2 Qe5+ 47. g3 Qxc3 48. d4
1-0

[Event "Olympic Chess Competition"]
[Site "SchemingMind.com"]
[Date "2012.08.03"]
[Round "-"]
[White "Rotceh"]
[Black "kubinet"]
[Result "0-1"]
[WhiteCountry "MEX"]
[BlackCountry "GER"]
[WhiteElo "1380"]
[WhiteRD "117"]
[BlackElo "1679"]
[BlackRD "61"]
[GameID "315433"]

1. Nc3 Nf6 2. Nf3 Nc6 3. d4 d5 4. Bf4 a6 5. e3 e6 6. Bd3 Be7 7. O-O O-O 8. Ne2 Nb4 9. Ne5 c5 10. c3 Nxd3
11. Nxd3 cxd4 12. exd4 h6 13. Ng3 Bd7 14. Ne5 Be8 15. Qd3 b5 16. Qe3 Kh7
0-1

[Event "Olympic Chess Competition"]
[Site "SchemingMind.com"]
[Date "2012.08.03"]
[Round "-"]
[White "jacksrking"]
[Black "kubinet"]
[Result "0-1"]
[WhiteCountry "USA"]
[BlackCountry "GER"]
[WhiteElo "1432"]
[WhiteRD "68"]
[BlackElo "1690"]
[BlackRD "58"]
[GameID "315434"]

1. e4 c5 2. Nf3 d6 3. d4 cxd4 4. Nxd4 Nf6 5. Nc3 a6 6. Bg5 e6 7. Bxf6 Qxf6 8. Be2 Bd7 9. O-O Be7 10. a4 O-O
11. f4 Nc6 12. Nxc6 Bxc6 13. b3 Qxc3 14. Rf3 Qc5+ 15. Kh1 Bxe4 16. Rg3 Qxc2 17. Re3 d5 18. Rc1 Qxd1+ 19. Bxd1 Rac8 20. Rxc8 Rxc8
21. h3 Rc1 22. Re1 Bb4 23. Rg1 Bc5 24. Rf1 Bc2 25. Be2 Rxf1+ 26. Bxf1 Bxb3
0-1

[Event "Olympic Chess Competition"]
[Site "SchemingMind.com"]
[Date "2012.08.03"]
[Round "-"]
[White "mmccaffe"]
[Black "kubinet"]
[Result "1-0"]
[WhiteCountry "USA"]
[BlackCountry "GER"]
[WhiteElo "1655"]
[WhiteRD "62"]
[BlackElo "1652"]
[BlackRD "55"]
[GameID "315435"]

1. e4 c5 2. Nf3 Nc6 3. d4 cxd4 4. Nxd4 Nf6 5. Nc3 e6 6. Ndb5 d6 7. Bf4 e5 8. Bg5 Be7 9. Bxf6 gxf6 10. Bd3 a6
11. Na3 b5 12. Nd5 Bf8 13. Qf3 Bg7 14. h4 Nd4 15. Qg3 O-O 16. h5 h6 17. c3 Ne6 18. Rh4 Kh8 19. O-O-O Rg8 20. Nc2 Ng5
21. Nce3 Bd7 22. f4 exf4 23. Rxf4 Rc8 24. Qf2 Nh7 25. Rf1 f5 26. Nxf5 Bxf5 27. Rxf5 f6 28. Nf4 Nf8 29. Nd5 Nh7 30. Kb1 Rf8
31. Nf4 Rf7 32. Ne6 Qe7 33. Nxg7 Kxg7 34. Qb6 Ra8 35. Rd5 Ng5 36. Rxd6 Nh7 37. Re6 Qd8 38. Rd6 Qxb6 39. Rxb6 Rd7 40. Kc2 Rf7
41. e5
1-0

[Event "Olympic Chess Competition"]
[Site "SchemingMind.com"]
[Date "2012.08.03"]
[Round "-"]
[White "James Reed"]
[Black "kubinet"]
[Result "0-1"]
[WhiteCountry "ENG"]
[BlackCountry "GER"]
[WhiteElo "1581"]
[WhiteRD "56"]
[BlackElo "1690"]
[BlackRD "58"]
[GameID "315437"]

1. e4 e5 2. Nf3 Nc6 3. Bb5 d6 4. d4 exd4 5. Qxd4 Bd7 6. Qc4 h6 7. O-O Nf6 8. h3 Be7 9. Nc3 a6 10. Bxc6 Bxc6
11. Re1 O-O 12. Qe2 Re8 13. Bf4 b5 14. a3 Bb7 15. Red1 Bf8 16. Bg3 Nxe4 17. Nxe4 Rxe4 18. Qd3 Re8 19. Bh4 Qd7 20. b3 Be7
21. Bxe7 Rxe7 22. Re1 Rae8 23. Kf1 Be4 24. Rxe4 Rxe4 25. Re1 Qe6 26. Qd2 Rxe1+ 27. Nxe1 d5 28. Nf3 c5 29. c3 Qe4 30. Qe2 Qxe2+
31. Kg1 Qd1+ 32. Kh2 Qxb3
0-1